Electromagnetic Field/ (Record no. 166902)

MARC details
000 -LEADER
fixed length control field 00631nam a22001817a 4500
010 ## - LCCN (DPL NO)
LC control number ENG-126173
020 ## - INTERNATIONAL STANDARD BOOK NUMBER
International Standard Book Number 978-93-8472-666-9
Terms of availability 1495.00
035 ## - SYSTEM CONTROL NUMBER
System control number EN-109705
037 ## - SOURCE OF ACQUISITION
Source of stock number/acquisition DBAD/PUB
082 ## - DEWEY DECIMAL CLASSIFICATION NUMBER
Classification number 621.34
100 ## - MAIN ENTRY--PERSONAL NAME
Personal name Jayanthy,T.
245 ## - TITLE STATEMENT
Title Electromagnetic Field/
Statement of responsibility, etc byT.Jayanthy...[et.,all]
260 ## - PUBLICATION, DISTRIBUTION, ETC. (IMPRINT)
Place of publication, distribution, etc New Delhi
Name of publisher, distributor, etc Ane Books Pvt.Ltd.
Date of publication, distribution, etc 2018
270 ## - ADDRESS
Address 4821,Parwana Bhawan,1st Floor24 Ansari Road, Darya Ganj
City New Delhi
Postal code 110002
Telephone number +91(011)23276843
Fax number +91(011)23276863
Electronic mail address kapoor@anebooks.com
300 ## - PHYSICAL DESCRIPTION
Extent xiv350p.
Dimensions 23cm(hb)
Other physical details ill
700 ## - ADDED ENTRY--PERSONAL NAME
Personal name T.Jayanthy...[et.,all]
942 ## - ADDED ENTRY ELEMENTS (KOHA)
Source of classification or shelving scheme Dewey Decimal Classification
Item type English Books
Classification part 621.34
Call number suffix JAY
Holdings
Withdrawn status Lost status Not for loan Collection code Home library Current library Date acquired Source of acquisition Cost, normal purchase price Full call number Barcode Copy number Cost, replacement price Koha item type
      Non-fiction Bawana Bawana 14/08/2019 DBAD/PUB 1495.00 621.34 JAY EN-109705 1 1495.00 English Books

© Delhi Public Library
Hit Counter
free hit counter